Quizzes
Events
Quiz Creation
Community
Videos
Private Events
Remove Ads
Sign In
Join for FREE
Feedback
Dark Mode
Quiz Categories
Sports
Geography
Music
Movies
Television
Just For Fun
Miscellaneous
History
Literature
Language
Science
Gaming
Entertainment
Religion
Holiday
For Kids
Quiz Lab
Recent
Popular Today
Quiz Kudos Today
Editor Picks
Curator Picks
Quizzes by...
Day
Popularity
Type
Ratings
Length
Year
Community
Subscriptions
Recent Discussions
Orange Saloon
Badges
Playlists
Quests
Create
Leaderboards
Showdown
Live 5
Trivia Bingo
Activity
Puzzle Library
Sporcle Events
Private Events
Virtual Trivia
Globe League
Become a Host
Pub Owners
SporcleCon
Opinionation
Our Games
Videos
Blog
Mobile Apps
Partnerships
Remove Ads and Go Orange
Feedback
Entertainment
Celebrity
Famous
Musical
Broadway
Show
Quote
Comic Books
Anime
Superhero
DC Comics
Marvel
Cartoons
Animation
Entertainment
Celebrity
Famous
Musical
Broadway
Show
Quote
Comic Books
Anime
Superhero
DC Comics
Marvel
Cartoons
Animation
Random Quiz
Search Sporcle
×
Quiz Lab
Quiz Lab
Entertainment
ride
Type in answers that appear in a list
Type in answers that appear in a list
Classic
Best Score? Go Orange.
Six flags discovery kingdom rides Stats
Can you name the six flags discovery kingdom rides?
By
mitchy
15m
19 Questions
54 Plays
54 Plays
54 Plays
Comments
Comments
Give Quiz Kudos
Give Quiz Kudos
-
- Ratings
hide this ad
Replay
Link that replays current quiz
Next Quiz
Link to next quiz in quiz playlist
You Got
0%
They Got
Avg Score
56%
Avg Friend Score
Upgrade to see
Score Distribution
Jump to the score distribution portion of the page
Score
0/19
Timer
15:00
0
Plays Today
yes
yes
% Correct
powerful looping supercoaster
medusa
100%
floorless thrill coaster
kong
88.9%
a fun family thrill coaster
cobra
88.9%
thrill to new hieghts
skyscreamer
74.1%
suspended spiraling 70 mph impulde coaster
v2
72.2%
classic wooden coaster
roar
72.2%
intensity forward then bacward
boomerang
70.4%
water drop ride
monsoon falls
57.4%
voyage on this giant swinging ship
the ark
57.4%
go 360 degrees upside down and around
hammerhead shark
51.9%
yes
yes
% Correct
flip head over heels at 40 mph
voodoo
51.9%
a dizzying pendulum ride
tazmanian devil
48.1%
you will go bananas on this spinning ride
thrilla gorilla
44.4%
swing on swings throug the air
wave swinger
42.6%
a wet wild ride through water rapids
white water safari
40.7%
take to the wheel in this classic ride
boardwalk bumper buggies
37%
spinning coaster where no two rides are alike
big spin
29.6%
a circular adventure round and round
scat-a-bout
25.9%
classic tea cup ride
monkey buissness
11.1%
Quiz Playlist
Details
Report
Send in Message
Add To Playlist
Classic:
Type in answers that appear in a list
Last Updated: Feb 16, 2017
Quiz Scoreboard
CHALLENGE
Sign Up to Join the Scoreboard
Show All
Scores
Hide
Comments
May contain spoilers
Recently Published
Billboard Blitz: Fleetwood Mac
by CooCooCachoo
Music
15s
Presidents Visiting Landmarks
by Hejman
History
7m
An Introduction to Baseball
by treessimontrees
Sports
5m
More to Explore
Quiz From the Vault
Featured Blog Post
Where Did the Easter Bunny Come From?
hide this ad
You Might Also Like...
Tags
Kingdom
ride
Six
Today's Top Quizzes in Entertainment
Browse Entertainment
hide this ad
Today's Top Quizzes in ride
Browse ride
Top Contributed Quizzes in Entertainment
1
7-to-1: DC Comics Villains
2
Marvel Characters Bunker
3
Eurovision 2023 Logic Puzzle
4
Kamen Rider Motifs
5
Dragon Ball Z: Goku's Fights in Order
6
Criteria Quickie: Cartoon Taxonomy II
7
Sorting Pictures: Villains
8
Fictional Villains Letter U Blitz
9
Dragon Ball Z: Mega Character Search
10
Mini Trivia Sudoku: Musicals
Explore More
Trending Topics
Marvel
Crossword
Harry Potter
NBA
Disney
Kpop
Anime
Soccer
Pokémon
Song
WWE
Country
NFL
Puzzle
The Office
hide this ad
More By:
mitchy
Quiz
Plays
Rating
Category
Featured
Created
six flags discovery kingdom rides
54
1.00
Entertainment
Jul 20, 2011
ncaa football teams
41
3.50
Sports
Sep 16, 2011
nfl teams
8
1.25
Sports
May 26, 2012
Go to Creator's Profile
Score Distribution
Quiz Creator Spotlight
mitchy
Follow
Send a Message
Quizzes Created
-
Created Quiz Play Count
-
More By This Creator
Popular Quizzes Today
1
Find the US States - No Outlines Minefield
2
Find the Countries of Europe - No Outlines Minefield
3
The Countries of the World
4
Find the US States
5
US States
6
Popular People in 1961
7
Risky Map Clicking: Biggest States A-Z
8
Movies - When Are They Set?
More Entertainment Quizzes
Dragon Ball Top 35
Quiz Lab
Trending Quizzes
Risky Map Clicking: Least Populous States A-Z
1-10 Letter G Words
1-10 Letter F Words
Risky Map Clicking: Next State Alphabetically
Risky Map Clicking: Biggest States A-Z
Recently Updated
Leaping Animals
pecheneg
Reality TV Shows (A-Z)
bhenderson79
Rickey Henderson's Hall of Fame Teammates
pecheneg
Champions League XIs: Arsenal
pecheneg
Quick Pick: Celebrities in WWE's Hall of Fame
aduchscher
A-Z Keypad Blitz II
pecheneg
Multiple Oscar Actors
pecheneg
Mystery Phrase Blitz: Oscar 'Best Actors'
pecheneg
F. Scott Fitzgerald Novels
LTH
Pick 3 Villains
ddd62291
Trending Topics
Anime
Marvel
Kpop
Crossword
NBA
Disney
Harry Potter
WWE
Song
NFL
Pokémon
Soccer
Country
The Office
Puzzle
Your Account Isn't Verified!
In order to create a playlist on Sporcle, you need to verify the email address you used during registration. Go to your
Sporcle Settings
to finish the process.
Report this User
Report this user for behavior that violates our
Community Guidelines
.
Details:
Send Report
Go to the Sporcle.com Mobile Site →
Comments